Tiple de madera forro color negro (Registro nro. 12195)
[ vista simple ]
| 000 -CABECERA | |
|---|---|
| campo de control de longitud fija | 00457nrc a22001817a 4500 |
| 003 - IDENTIFICADOR DEL NÚMERO DE CONTROL | |
| campo de control | OSt |
| 005 - FECHA Y HORA DE LA ÚLTIMA TRANSACCIÓN | |
| campo de control | 20200512171535.0 |
| 008 - DATOS DE LONGITUD FIJA--INFORMACIÓN GENERAL | |
| campo de control de longitud fija | 200512b ||||| |||| 00| 0 spa d |
| 040 ## - FUENTE DE LA CATALOGACIÓN | |
| Centro/agencia transcriptor | Nr |
| 082 ## - NÚMERO DE LA CLASIFICACIÓN DECIMAL DEWEY | |
| Número de clasificación | 797 |
| Número de documento/Ítem | H32t |
| 100 ## - ENTRADA PRINCIPAL--NOMBRE DE PERSONA | |
| Código de función/relación | Hector Cruz |
| 245 ## - MENCIÓN DE TÍTULO | |
| Título | Tiple de madera forro color negro |
| Mención de responsabilidad, etc. | Hector Cruz |
| 300 ## - DESCRIPCIÓN FÍSICA | |
| Material acompañante/anejo | Forro negro |
| 500 ## - NOTA GENERAL | |
| Nota general | Buen estado |
| 650 ## - PUNTO DE ACCESO ADICIONAL DE MATERIA--TÉRMINO DE MATERIA | |
| Fuente del encabezamiento o término | Instrumento musical |
| Subdivisión de forma | Cordófono |
| 710 ## - PUNTO DE ACCESO ADICIONAL--NOMBRE DE ENTIDAD CORPORATIVA | |
| Código de función/relación | Alcaldía de Mosquera |
| 942 ## - ELEMENTOS DE PUNTO DE ACCESO ADICIONAL (KOHA) | |
| Fuente del sistema de clasificación o colocación | |
| Tipo de ítem Koha | Instrumentos |
| Estado de retiro | Estado de pérdida | Fuente del sistema de clasificación o colocación | Estado dañado | No para préstamo | Código de colección | Localización permanente | Ubicación/localización actual | Fecha de adquisición | Número de inventario | Total de préstamos | Signatura topográfica completa | Código de barras | Fecha visto por última vez | Número de copia | Precio válido a partir de | Tipo de ítem Koha | Nota pública |
|---|---|---|---|---|---|---|---|---|---|---|---|---|---|---|---|---|---|
| Instrumentos Musicales | ALMACEN INSTRUMENTOS | ALMACEN INSTRUMENTOS | 30/09/2017 | 43389 | 797 H32t | 51010086142963 | 12/05/2020 | Ej 1 | 12/05/2020 | Instrumentos | Préstamo 5 horas | ||||||
| Instrumentos Musicales | ALMACEN INSTRUMENTOS | ALMACEN INSTRUMENTOS | 30/09/2017 | 43396 | 797 H32t | 51010086142970 | 12/05/2020 | Ej 2 | 12/05/2020 | Instrumentos | Préstamo 5 horas | ||||||
| Instrumentos Musicales | ALMACEN INSTRUMENTOS | ALMACEN INSTRUMENTOS | 30/09/2017 | 43397 | 797 H32t | 51010086142987 | 12/05/2020 | Ej 3 | 12/05/2020 | Instrumentos | Préstamo 5 horas | ||||||
| Instrumentos Musicales | ALMACEN INSTRUMENTOS | ALMACEN INSTRUMENTOS | 30/09/2017 | 43398 | 797 H32t | 51010086142994 | 12/05/2020 | Ej 4 | 12/05/2020 | Instrumentos | Préstamo 5 horas | ||||||
| Instrumentos Musicales | ALMACEN INSTRUMENTOS | ALMACEN INSTRUMENTOS | 30/09/2017 | 43398 | 797 H32t | 51010086143007 | 12/05/2020 | Ej 5 | 12/05/2020 | Instrumentos | Préstamo 5 horas |
